000
00344nam a2200169Ia 4500
100
_a
ShivKumar
650
_a
Fluid Mechanics
250
_a
3
942
_c
BK
366
_f
27
654
_a
fluid mechanics
245
_a
Fluid mechanics
260
_b
Ane Books
_c
2015
082
_a
532
_b
SHI
546
_a
ENGLISH
_c
Info.Tech
999
_c
28899
_d
28899